000 00491nam a2200181Ia 4500
001 3132
005 20260306144858.0
008 260306t1994||||xx |||||||||||||| ||spa||
041 _aESP
082 _a261
_bM55
100 _aMiguens Dedyn, Fernando
_eAUT
245 0 _aFe y cultura en la enseñanza de Juan Pablo II:
_bcómo anunciar el Evangelio a todas las gentes
260 _c1994
300 _a300 páginas :
_c21 cm.
650 _aGEN
654 _aCHU
942 _cLIB
_dJUS
_fJUS
_2ddc
_n
999 _c3132
_d3132